000 01884cam a22004458i 4500
005 20200320220413.0
008 180130t20192019nyu b 000 1 eng c
020 _a9781338125511
040 _aNJQ/DLC
_beng
_erda
_cNJQ
_dDLC
_dCTMM
050 0 0 _aPZ7.1.S725
_bDr 2019
082 0 4 _a[E]
_223
100 1 _aStahl, Jon,
_eauthor.
_96001689
245 1 0 _aDragons eat noodles on Tuesdays /
_cby Jon Stahl ; illustrated by Tadgh Bentley.
250 _aFirst edition.
264 1 _aNew York :
_bScholastic Press,
_c2019.
264 2 _aOld Saybrook, Connecticut :
_bwww.micromarketing.org
300 _apages cm
336 _atext
336 _astill image
337 _aunmediated
338 _avolume
500 _a[Typographic symbols and accents removed for systems compatibility.]
520 _aWhile two monsters argue over how the story they are telling should go, Dennis, a very hungry dragon, is listening nearby--and he has very definite ideas about how this story should end.
588 _aTitle and description based on researched data; resource not viewed.
650 0 _aDragons
_vJuvenile fiction.
_95673921
650 0 _aMonsters
_vJuvenile fiction.
_95674163
650 0 _aStorytelling
_vJuvenile fiction.
_95718031
650 0 _aHumorous stories.
_96001691
650 1 _aDragons
_vFiction.
_95673926
650 1 _aMonsters
_vFiction.
_95674164
650 1 _aStorytelling
_vFiction.
_95704213
650 1 _aHumorous stories.
_96001691
655 7 _aHumorous fiction.
_2lcgft
_96001693
655 7 _aPicture books.
_2lcgft
_96001694
700 1 _aBentley, Tadgh,
_eillustrator.
_96001695
942 _cBOOK
_018
948 _a04/10/2019
_zSirsi
949 _nwww.MicroMarketing.org 800-229-9887
996 _a165217
_b34301001589169
_cE
_dbk
_ewcl
_fo
_g18
_h17.99
_lmicromarketing
_mSta
_p04/10/2019
_q02/24/2020
_r03/11/2020
999 _c319068
_d319068